|
|
|
|
| LEADER |
00000nab a2200000 ar4500 |
| 001 |
vtls010329788 |
| 003 |
SK-MaSNL |
| 005 |
20260303091259.0 |
| 008 |
111209c2011 xo ar|p|||| |000 b|slo |
| 015 |
|
|
|a SNBRA2011/12
|
| 038 |
|
|
|a SVKPOCL
|
| 040 |
|
|
|a SVKPO
|b slo
|c SVKPO
|e AACR2
|
| 041 |
|
|
|a slo
|
| 044 |
|
|
|a xo
|c SK
|
| 080 |
|
|
|a 82.0
|2 2001
|
| 080 |
|
|
|a 7.01:111.852
|2 2001
|
| 100 |
1 |
|
|a Sošková, Jana,
|d 1950-2021
|4 aut
|9 197943
|
| 245 |
1 |
0 |
|a Umenie bez estetiky
|c Jana Sošková
|
| 504 |
|
|
|a Bibliogr. odkazy
|
| 650 |
0 |
7 |
|a genológia
|2 SNKPH
|9 24145
|
| 650 |
0 |
7 |
|a estetika
|2 SNKPH
|9 791
|
| 650 |
0 |
7 |
|a literatúra
|2 SNKPH
|9 1427
|
| 650 |
0 |
7 |
|a estetické myslenie
|2 SNK
|9 573131
|
| 650 |
0 |
7 |
|a filozofia umenia
|2 SNKPH
|9 809
|
| 655 |
|
7 |
|a štúdie
|2 SNKPH
|9 57033
|
| 773 |
0 |
|
|t Genologické a medziliterárne štúdie 4. Prieniky do areálu
|d Prešov : Filozofická fakulta Prešovskej univerzity, 2011
|g S. 119-125
|z 9788055504100
|
| 852 |
|
|
|a SVKPO
|b KIS3GCP
|
| 958 |
|
|
|a SK
|
| 958 |
|
|
|a LX
|
| 958 |
|
|
|a NB
|
| 999 |
|
|
|c 1806869
|d 1808799
|